000
00279nam a22001097a 4500
008
240308b |||||||| |||| 00| 0 eng d
100
_a
Trakabhushan, Pramathanath
_9
9263
245
_a
Bangla vaisnav darshan
260
_b
Shri Guru Library,
_c
1964.
300
_a
326p.
942
_c
BK
999
_c
38989
_d
38989